LEADER 01700nam 2200529 a 450 001 9910456847703321 005 20200520144314.0 010 $a0-8018-9654-1 035 $a(CKB)2520000000007648 035 $a(OCoLC)550669356 035 $a(CaPaEBR)ebrary10363163 035 $a(SSID)ssj0000342996 035 $a(PQKBManifestationID)11259752 035 $a(PQKBTitleCode)TC0000342996 035 $a(PQKBWorkID)10288484 035 $a(PQKB)11054511 035 $a(MiAaPQ)EBC3318442 035 $a(MdBmJHUP)muse2730 035 $a(Au-PeEL)EBL3318442 035 $a(CaPaEBR)ebr10363163 035 $a(OCoLC)923194262 035 $a(EXLCZ)992520000000007648 100 $a20080804d2009 uy 0 101 0 $aeng 135 $aurcn||||||||| 181 $ctxt 182 $cc 183 $acr 200 14$aThe social construction of Russia's resurgence$b[electronic resource] $easpirations, identity, and security interests /$fAnne L. Clunan 210 $aBaltimore $cJohns Hopkins University Press$d2009 215 $a1 online resource (334 p.) 300 $aBibliographic Level Mode of Issuance: Monograph 311 $a0-8018-9157-4 320 $aIncludes bibliographical references (p. 279-308) and index. 606 $aNational security$zRussia (Federation) 607 $aRussia (Federation)$xForeign relations 608 $aElectronic books. 615 0$aNational security 676 $a355/.033047 700 $aClunan$b Anne L.$f1968-$0962761 801 0$bMiAaPQ 801 1$bMiAaPQ 801 2$bMiAaPQ 906 $aBOOK 912 $a9910456847703321 996 $aThe social construction of Russia's resurgence$92183025 997 $aUNINA LEADER 01873nas 2200601-a 450 001 996202954303316 005 20230518213020.0 011 $a1097-0169 035 $a(DE-599)ZDB2536522-8 035 $a(OCoLC)38169885 035 $a(CKB)954925552375 035 $a(CONSER)sn-97001404- 035 $a(EXLCZ)99954925552375 100 $a19980108b19862009 s-- a 101 0 $aeng 135 $aurcnu|||||||| 181 $ctxt$2rdacontent 182 $cc$2rdamedia 183 $acr$2rdacarrier 200 10$aCell motility and the cytoskeleton 210 $a[New York, NY] $c[Wiley-Liss, Inc.]$d©1986-©2009 210 3 $aHoboken, N.J. $cWiley-Liss 215 $a1 online resource 300 $aRefereed/Peer-reviewed 300 $aTitle from table of contents screen (Wiley InterScience, viewed: May 19, 2006). 311 $aPrint version: Cell motility and the cytoskeleton. (DLC)86642506 (OCoLC)12848217 0886-1544 531 $aCELL MOTIL CYTOSKELETON 531 $aCELL MOTILITY CYTOSKEL 531 $aCELL MOTIL 531 $aCELL MOTIL CYTOSKEL 531 $aCELL MOTIL CYTOSKELET 531 $aCELL MOTIL. CYTOSKELETON 531 0 $aCell motil. cytoskelet. 606 $aCells$xMotility$vPeriodicals 606 $aCytoskeleton$vPeriodicals 606 $aCell Movement 606 $aCytoskeleton 606 $aCells$xMotility$2fast$3(OCoLC)fst00850268 606 $aCytoskeleton$2fast$3(OCoLC)fst00886325 608 $aPeriodical 608 $aPeriodicals.$2fast 608 $aPeriodicals.$2lcgft 615 0$aCells$xMotility 615 0$aCytoskeleton 615 2$aCell Movement 615 2$aCytoskeleton 615 7$aCells$xMotility. 615 7$aCytoskeleton. 676 $a574 906 $aJOURNAL 912 $a996202954303316 996 $aCell motility and the cytoskeleton$9796759 997 $aUNISA